Library Banner

Baresagheer mein bachchaa muslim league (Urdu) (Record no. 44446)

MARC details
000 -LEADER
fixed length control field 00490nam a2200181Ia 4500
001 - CONTROL NUMBER
control field 46493
008 - FIXED-LENGTH DATA ELEMENTS--GENERAL INFORMATION
fixed length control field 140429s9999 xx 000 0 und d
020 ## - INTERNATIONAL STANDARD BOOK NUMBER
International Standard Book Number
040 ## - CATALOGING SOURCE
Transcribing agency PK-LaUMT
082 ## - DEWEY DECIMAL CLASSIFICATION NUMBER
Classification number RHC 324.95491
Item number INA-B
100 ## - MAIN ENTRY--PERSONAL NAME
Personal name Inam ul Haq Kausar
245 ## - TITLE STATEMENT
Title Baresagheer mein bachchaa muslim league (Urdu)
Statement of responsibility, etc Inam ul Haq Kausar
260 ## - PUBLICATION, DISTRIBUTION, ETC. (IMPRINT)
Place of publication, distribution, etc Queta,Pakistan:
Name of publisher, distributor, etc Idara Tasneef o Tehqeeq,
Date of publication, distribution, etc 2006
300 ## - PHYSICAL DESCRIPTION
Extent 90 p.
546 ## - LANGUAGE NOTE
Language note UR
650 ## - SUBJECT ADDED ENTRY--TOPICAL TERM
Topical term or geographic name as entry element Political parties-Paksitan
942 ## - ADDED ENTRY ELEMENTS (KOHA)
Koha item type Books
Holdings
Withdrawn status Lost status Damaged status Not for loan Home library Current library Date acquired Total Checkouts Full call number Barcode Date last seen Price effective from Koha item type
        UMT Main Campus UMT Main Campus 2014-04-29   RHC 324.95491 INA-B 55574 2014-05-06 2014-05-06 Books